Sports Quiz

Random Sports or Baseball Quiz
Score 0/12 Timer 02:00
0 Plays Today
% Correct
Cal State Fullerton
93.3%
Coastal Carolina
90.7%
Pepperdine
89.1%
Rice
87.2%
Fresno State
86.3%
Vanderbilt
83.7%
Wichita State
81.8%
Oregon State
78.6%
Arizona State
70.9%
Wake Forest
68.1%
Virginia
58.8%
Missouri
55.6%
Remove Ads.
Support Sporcle.
Get the best of Sporcle when you Go Orange. This ad-free experience offers more features, more stats, and more fun while also helping to support Sporcle. Thank you for becoming a member.

You're not logged in!

Compare scores with friends on all Sporcle quizzes.
OR
Log In

Show Comments

Extras

Top Quizzes Today


Score Distribution

Your Account Isn't Verified!

In order to create a playlist on Sporcle, you need to verify the email address you used during registration. Go to your Sporcle Settings to finish the process.

Report this User

Report this user for behavior that violates our Community Guidelines.

Details: